[Event "COL-chT (Women)"]
[Site "Risaralda"]
[Date "2023.11.21"]
[Round "5.4"]
[White "Rativa Jimenez, Laura Milena"]
[Black "Guevara Munoz, Michelle Tatiana"]
[Result "1/2-1/2"]
[WhiteElo "1728"]
[BlackElo "1072"]
[PlyCount "111"]
[EventDate "2023.11.19"]
[EventType "team-swiss"]
[EventRounds "7"]
[EventCountry "COL"]
[SourceTitle "CB49_2023"]
[SourceDate "2023.12.06"]
[SourceVersion "1"]
[SourceVersionDate "2023.12.06"]
[SourceQuality "1"]
[WhiteTeam "Boyaca (W)"]
[BlackTeam "Norte de Santander (W)"]
[WhiteTeamCountry "COL"]
[BlackTeamCountry "COL"]

1. d4 d5 2. c4 c6 3. Nf3 Nf6 4. g3 Bf5 5. Bg2 e6 6. 0-0 Bd6 7. Nbd2 0-0 8. Nh4 Bg4 9. Re1 b6 10. Qc2 Nbd7 11. e4 dxe4 12. Nxe4 Qc7 13. c5 bxc5 14. dxc5 Be7 15. Bg5 Rac8 16. Nxf6+ Nxf6 17. Qc4 Bh5 18. Nf3 Nd5 19. Qh4 Bxg5 20. Qxg5 Bg6 21. Qe5 Qa5 22. Rec1 Nb4 23. Qc3 Qb5 24. Nd4 Qb7 25. Rd1 Nd5 26. Qb3 Qe7 27. Qc4 Rc7 28. a3 Qf6 29. b4 Bh5 30. Re1 Rd8 31. Ne2 Bf3 32. Nf4 Bxg2 33. Nxg2 Ne7 34. Rad1 Rcd7 35. Rxd7 Rxd7 36. Qf4 Qxf4 37. Nxf4 Rd2 38. Re3 Nf5 39. Rd3 Rxd3 40. Nxd3 Kf8 41. Kf1 f6 42. f4 Nd4 43. Kf2 h5 44. a4 a6 45. Ke3 Nc2+ 46. Kd2 Nd4 47. Kc3 Nf3 48. h4 Ke7 49. Nf2 e5 50. fxe5 Nxe5 51. Ne4 Ke6 52. Nd6 g6 53. Ne8 Kf5 54. Nc7 Kg4 55. Nxa6 Kxg3 56. Nb8 1/2-1/2

[Event "COL-chT (Women)"]
[Site "Risaralda"]
[Date "2023.11.19"]
[Round "2.4"]
[White "Sanchez Sanchez, Daicy Yareth"]
[Black "Rativa Jimenez, Laura Milena"]
[Result "0-1"]
[WhiteElo "1444"]
[BlackElo "1728"]
[PlyCount "52"]
[EventDate "2023.11.19"]
[EventType "team-swiss"]
[EventRounds "7"]
[EventCountry "COL"]
[SourceTitle "CB49_2023"]
[SourceDate "2023.12.06"]
[SourceVersion "1"]
[SourceVersionDate "2023.12.06"]
[SourceQuality "1"]
[WhiteTeam "Choco (W)"]
[BlackTeam "Boyaca (W)"]
[WhiteTeamCountry "COL"]
[BlackTeamCountry "COL"]

1. e4 c5 2. Nf3 d6 3. Nc3 Nc6 4. Bc4 Nf6 5. d3 e6 6. 0-0 Be7 7. Be3 d5 8. exd5 exd5 9. Bb3 d4 10. Ng5 0-0 11. Nxf7 Rxf7 12. Bxf7+ Kxf7 13. Bd2 dxc3 14. Bxc3 Nd4 15. h3 Be6 16. Qd2 Qd5 17. f3 Bd6 18. Qf2 Re8 19. Rab1 Bd7 20. b4 Re2 21. Qh4 Qe5 22. f4 Qe3+ 23. Rf2 Nf5 24. Bd2 Rxd2 25. Re1 Qxe1+ 26. Kh2 Nxh4 0-1

[Event "COL-chT (Women)"]
[Site "Medellin"]
[Date "2021.12.09"]
[Round "2.1"]
[White "Ruiz Jaraba, Valentina Sofia"]
[Black "Rativa Jimenez, Laura Milena"]
[Result "1/2-1/2"]
[WhiteElo "1771"]
[BlackElo "1707"]
[PlyCount "89"]
[EventDate "2021.12.09"]
[EventType "team-tourn"]
[EventRounds "5"]
[EventCountry "COL"]
[SourceTitle "CBM 205 Extra"]
[Source "ChessBase"]
[SourceDate "2022.01.31"]
[SourceVersion "1"]
[SourceVersionDate "2022.01.31"]
[SourceQuality "1"]
[WhiteTeam "Atlantico Quintal (W)"]
[BlackTeam "Boyaca (W)"]
[WhiteTeamCountry "COL"]
[BlackTeamCountry "COL"]

1. e4 d5 2. exd5 Nf6 3. c4 c6 4. d4 cxd5 5. Nf3 Nc6 6. Nc3 e6 7. Bd3 dxc4 8. Bxc4 Be7 9. 0-0 0-0 10. Re1 Re8 11. Bf4 Nb4 12. Ng5 Nbd5 13. Qd2 Nh5 14. Nh3 Ndxf4 15. Nxf4 Bg5 16. g3 e5 17. Qe2 Nxf4 18. gxf4 Bxf4 19. dxe5 Be6 20. Ne4 Bxc4 21. Qxc4 Qh4 22. Rac1 Bxh2+ 23. Kf1 Qh3+ 24. Ke2 Qg4+ 25. f3 Qg2+ 26. Ke3 Bxe5 27. Rc2 Qh3 28. Ree2 Qe6 29. Qxe6 Rxe6 30. Nc5 Re7 31. b4 Bd6+ 32. Kd4 Rxe2 33. Rxe2 Bxc5+ 34. Kxc5 Kf8 35. Kd6 b5 36. Re5 a5 37. Rxb5 axb4 38. Rxb4 g6 39. a4 h5 40. Kc6 Kg7 41. Kb7 Re8 42. a5 Re7+ 43. Kc6 Re6+ 44. Kb7 Re7+ 45. Kc6 1/2-1/2

[Event "COL Subzt 2.3.4 (Women)"]
[Site "Risarald"]
[Date "2021.11.28"]
[Round "9"]
[White "Perez Valcarcel, Maria Jose"]
[Black "Rativa Jimenez, Laura Milena"]
[Result "0-1"]
[WhiteElo "1526"]
[BlackElo "1731"]
[PlyCount "66"]
[EventDate "2021.11.23"]
[EventType "swiss"]
[EventRounds "9"]
[EventCountry "COL"]
[SourceTitle "CBM 205 Extra"]
[Source "ChessBase"]
[SourceDate "2022.01.31"]
[SourceVersion "1"]
[SourceVersionDate "2022.01.31"]
[SourceQuality "1"]

1. e4 c6 2. d4 d5 3. exd5 cxd5 4. Bd3 Nc6 5. c3 Qc7 6. Ne2 Bg4 7. h3 Bxe2 8. Qxe2 e6 9. 0-0 Nf6 10. Na3 a6 11. Nc2 Be7 12. Be3 0-0 13. Rac1 Na5 14. Qf3 Nc4 15. Bf4 Bd6 16. Bxd6 Nxd6 17. Ne3 Nde4 18. c4 Nd2 19. Qe2 Nxf1 20. Nxf1 Qf4 21. Rd1 dxc4 22. Bxc4 Rac8 23. Bb3 Rfd8 24. Rd3 Qe4 25. Qd2 Nd5 26. Ng3 Qf4 27. Qe2 Rc1+ 28. Kh2 Qc7 29. Rf3 b5 30. h4 Qa5 31. Bxd5 Rxd5 32. Ra3 Qd8 33. Rxa6 Qxh4# 0-1

[Event "COL Subzt 2.3.4 (Women)"]
[Site "Risarald"]
[Date "2021.11.26"]
[Round "6"]
[White "Bastidas, Carina"]
[Black "Rativa Jimenez, Laura Milena"]
[Result "0-1"]
[WhiteElo "1474"]
[BlackElo "1731"]
[PlyCount "76"]
[EventDate "2021.11.23"]
[EventType "swiss"]
[EventRounds "9"]
[EventCountry "COL"]
[SourceTitle "CBM 205 Extra"]
[Source "ChessBase"]
[SourceDate "2022.01.31"]
[SourceVersion "1"]
[SourceVersionDate "2022.01.31"]
[SourceQuality "1"]

1. d4 d5 2. Nf3 e6 3. e3 f5 4. Bd3 Nf6 5. a3 Bd6 6. b3 0-0 7. Bb2 c6 8. Nbd2 Nbd7 9. Ne5 Ne4 10. 0-0 Ndf6 11. f4 Nxd2 12. Qxd2 Ne4 13. Qe2 Bd7 14. Rf3 Be8 15. Rh3 Bxe5 16. dxe5 Nc5 17. a4 Nxd3 18. Ba3 Nxf4 19. exf4 Qb6+ 20. Kh1 c5 21. Qf2 d4 22. Rd1 Rf7 23. Rhd3 Rd8 24. c4 Qc7 25. Qh4 b6 26. a5 Bc6 27. Kg1 Be4 28. Rh3 g6 29. g4 fxg4 30. Qxg4 Bf5 31. axb6 axb6 32. Qh4 Bxh3 33. Qxh3 Qc6 34. Bc1 Ra8 35. Bd2 Qe4 36. Qxe6 Qe2 37. Rf1 Qxd2 38. Qd5 Ra2 0-1

[Event "COL Subzt 2.3.4 (Women)"]
[Site "Risarald"]
[Date "2021.11.25"]
[Round "4"]
[White "Quevedo Bonilla, Paula Thaliana"]
[Black "Rativa Jimenez, Laura Milena"]
[Result "1/2-1/2"]
[WhiteElo "1316"]
[BlackElo "1731"]
[PlyCount "102"]
[EventDate "2021.11.23"]
[EventType "swiss"]
[EventRounds "9"]
[EventCountry "COL"]
[SourceTitle "CBM 205 Extra"]
[Source "ChessBase"]
[SourceDate "2022.01.31"]
[SourceVersion "1"]
[SourceVersionDate "2022.01.31"]
[SourceQuality "1"]

1. e4 c5 2. Nf3 Nc6 3. d4 cxd4 4. Nxd4 e5 5. Nb5 a6 6. Nd6+ Bxd6 7. Qxd6 Qf6 8. Qd2 Qg6 9. Nc3 Nge7 10. Qg5 Qxg5 11. Bxg5 f6 12. Be3 d5 13. exd5 Nb4 14. 0-0-0 Bf5 15. Bc5 Nxc2 16. d6 Nc6 17. d7+ Kd8 18. Bb6+ Ke7 19. Nd5+ Kf7 20. Bc4 N2d4 21. Nc7+ Be6 22. Bxe6+ Nxe6 23. Nxa8 Rxa8 24. Rd3 Ned4 25. d8Q Rxd8 26. Bxd8 Nxd8 27. Rhd1 N8c6 28. Kd2 Ke6 29. Rh3 h6 30. Rg3 Kf7 31. Kd3 Nf5 32. Rg4 h5 33. Rc4 Nd6 34. Rc5 Ke6 35. Rdc1 Nb4+ 36. Ke2 Nxa2 37. Rd1 Nb4 38. Rc7 g5 39. Rh7 h4 40. Rh6 Nf5 41. Rh8 Nd4+ 42. Kd2 Nbc6 43. Rh7 b5 44. Kd3 Nb4+ 45. Kd2 Nbc6 46. Rb7 a5 47. Kc3 Ne2+ 48. Kd3 Ned4 49. Kc3 Ne2+ 50. Kd3 Ned4 51. Kc3 Ne2+ 1/2-1/2

[Event "COL Subzt 2.3.4 (Women)"]
[Site "Risarald"]
[Date "2021.11.23"]
[Round "1"]
[White "Rativa Jimenez, Laura Milena"]
[Black "Diaz Gonzalez, Ana Sofia"]
[Result "1-0"]
[WhiteElo "1731"]
[BlackElo "1232"]
[PlyCount "55"]
[EventDate "2021.11.23"]
[EventType "swiss"]
[EventRounds "9"]
[EventCountry "COL"]
[SourceTitle "CBM 205 Extra"]
[Source "ChessBase"]
[SourceDate "2022.01.31"]
[SourceVersion "1"]
[SourceVersionDate "2022.01.31"]
[SourceQuality "1"]

1. d4 d5 2. Nf3 Nf6 3. c4 e6 4. g3 Be7 5. Bg2 0-0 6. 0-0 b6 7. cxd5 exd5 8. Nc3 Bb7 9. Bf4 c5 10. Rc1 Nc6 11. Na4 c4 12. Nc3 a6 13. Ne5 Na5 14. e4 Nxe4 15. Nxe4 dxe4 16. Qe2 Qxd4 17. Rfd1 Qc5 18. Bxe4 Bxe4 19. Qxe4 Rfd8 20. Nd7 Qb5 21. Qxe7 Qxb2 22. Rb1 Qxa2 23. Nf6+ gxf6 24. Rxd8+ Rxd8 25. Qxd8+ Kg7 26. Re1 b5 27. Qd1 Kg6 28. Qg4# 1-0

[Event "Ibague op"]
[Site "Ibague"]
[Date "2021.10.22"]
[Round "6"]
[White "Rincon Rozo, Juan Pablo"]
[Black "Rativa Jimenez, Laura Milena"]
[Result "0-1"]
[WhiteElo "1066"]
[BlackElo "1748"]
[PlyCount "30"]
[EventDate "2021.10.20"]
[EventType "swiss"]
[EventRounds "9"]
[EventCountry "COL"]
[SourceTitle "CBM 204 Extra"]
[Source "ChessBase"]
[SourceDate "2021.11.30"]
[SourceVersion "1"]
[SourceVersionDate "2021.11.30"]
[SourceQuality "1"]

1. e4 d5 2. exd5 Nf6 3. Nc3 Nxd5 4. Nxd5 Qxd5 5. Nf3 Bg4 6. Be2 Nc6 7. d3 e5 8. h3 Be6 9. Be3 Be7 10. c3 0-0 11. Qc2 f5 12. Rd1 f4 13. Bc1 Qxa2 14. d4 Bf5 15. Rd3 e4 0-1

[Event "COL-ch Amateur U2000"]
[Site "Paipa"]
[Date "2020.02.29"]
[Round "7"]
[White "Rativa Jimenez, Laura Milena"]
[Black "Garcia, John Fredy"]
[Result "1-0"]
[WhiteElo "1708"]
[BlackElo "1824"]
[PlyCount "59"]
[EventDate "2020.02.26"]
[EventType "swiss"]
[EventRounds "9"]
[EventCountry "COL"]
[SourceTitle "CBM 195 Extra"]
[Source "ChessBase"]
[SourceDate "2020.05.31"]
[SourceVersion "1"]
[SourceVersionDate "2020.05.31"]
[SourceQuality "1"]

1. d4 d5 2. Nf3 c6 3. c4 Nf6 4. g3 e6 5. Bg2 Be7 6. 0-0 0-0 7. Nbd2 Re8 8. Qc2 Nbd7 9. b3 a5 10. Bb2 Qc7 11. e4 dxe4 12. Nxe4 Nxe4 13. Qxe4 Nf6 14. Qc2 b6 15. Rad1 Bb7 16. Rfe1 Bb4 17. Re2 Rad8 18. c5 a4 19. bxa4 bxc5 20. a3 Ba5 21. dxc5 Ba6 22. Rxd8 Rxd8 23. Re3 Qd7 24. h3 Qd1+ 25. Qxd1 Rxd1+ 26. Kh2 Nd5 27. Rb3 Bc7 28. Be5 f6 29. Bxc7 Nxc7 30. Rb6 1-0

[Event "COL-ch Amateur U2000"]
[Site "Paipa"]
[Date "2020.02.28"]
[Round "5"]
[White "Rativa Jimenez, Laura Milena"]
[Black "Ramirez, Francisco Javier"]
[Result "1/2-1/2"]
[WhiteElo "1708"]
[BlackElo "1934"]
[PlyCount "55"]
[EventDate "2020.02.26"]
[EventType "swiss"]
[EventRounds "9"]
[EventCountry "COL"]
[SourceTitle "CBM 195 Extra"]
[Source "ChessBase"]
[SourceDate "2020.05.31"]
[SourceVersion "1"]
[SourceVersionDate "2020.05.31"]
[SourceQuality "1"]

1. Nf3 Nf6 2. g3 d5 3. d4 c6 4. Bg2 Nbd7 5. 0-0 e6 6. c4 Bd6 7. Qc2 0-0 8. Nbd2 Re8 9. e4 dxe4 10. Nxe4 Nxe4 11. Qxe4 h6 12. b3 e5 13. dxe5 Nxe5 14. Bb2 Nxf3+ 15. Qxf3 Be5 16. Bxe5 Rxe5 17. Qc3 Re8 18. Rfe1 Rxe1+ 19. Rxe1 Bf5 20. Be4 Bxe4 21. Rxe4 Qd1+ 22. Re1 Qd7 23. Qe5 b6 24. Qe7 Rd8 25. Qxd7 Rxd7 26. Re2 Kf8 27. Kg2 g6 28. Kf3 1/2-1/2

[Event "COL-chT 21st"]
[Site "Cartagena"]
[Date "2019.11.30"]
[Round "5.3"]
[White "Rivera, Ingris"]
[Black "Rativa Jimenez, Laura Milena"]
[Result "1-0"]
[WhiteElo "2126"]
[BlackElo "1524"]
[PlyCount "57"]
[EventDate "2019.11.30"]
[EventType "team-swiss"]
[EventRounds "9"]
[EventCountry "COL"]
[SourceTitle "CBM 195 Extra"]
[Source "ChessBase"]
[SourceDate "2020.05.31"]
[SourceVersion "1"]
[SourceVersionDate "2020.05.31"]
[SourceQuality "1"]
[WhiteTeam "Bolivar"]
[BlackTeam "Boyaca"]
[WhiteTeamCountry "COL"]
[BlackTeamCountry "COL"]

1. d4 d6 2. c4 g6 3. Nc3 Bg7 4. e4 e6 5. h3 Ne7 6. Be3 b6 7. Qd2 Bb7 8. Bh6 0-0 9. Nf3 c5 10. d5 exd5 11. Bxg7 Kxg7 12. exd5 Nf5 13. 0-0-0 Re8 14. g4 Nh4 15. Nxh4 Qxh4 16. Bd3 Nd7 17. Ne4 Qe7 18. Qc3+ Kg8 19. f4 Rad8 20. h4 Nf8 21. Nf6+ Kh8 22. Nxe8+ f6 23. Qxf6+ Qxf6 24. Nxf6 Kg7 25. g5 Nd7 26. Nxd7 Rxd7 27. h5 Bc8 28. hxg6 hxg6 29. Rh6 1-0

[Event "COL-chT (Women)"]
[Site "Cartagena"]
[Date "2019.11.24"]
[Round "1.3"]
[White "Viveros Torres, Erica Johana"]
[Black "Rativa Jimenez, Laura Milena"]
[Result "1-0"]
[WhiteElo "1971"]
[BlackElo "1567"]
[PlyCount "45"]
[EventDate "2019.11.24"]
[EventType "team-swiss"]
[EventRounds "7"]
[EventCountry "COL"]
[SourceTitle "CBM 193 Extra"]
[Source "ChessBase"]
[SourceDate "2020.01.31"]
[SourceVersion "1"]
[SourceVersionDate "2020.01.31"]
[SourceQuality "1"]
[WhiteTeam "Valle (W)"]
[BlackTeam "Boyaca (W)"]
[WhiteTeamCountry "COL"]
[BlackTeamCountry "COL"]

1. e4 c6 2. d4 d5 3. exd5 cxd5 4. Bd3 Nc6 5. c3 Qc7 6. Ne2 e5 7. dxe5 Nxe5 8. Bb5+ Bd7 9. Qxd5 0-0-0 10. Bf4 Bxb5 11. Qxb5 Bd6 12. 0-0 a6 13. Qa4 Nf6 14. Nd2 Rhe8 15. Nd4 Nf3+ 16. N2xf3 Bxf4 17. Rfe1 g5 18. Qc2 Kb8 19. Qf5 g4 20. Qxf6 gxf3 21. Nxf3 Rg8 22. Re7 Qc5 23. Qxf4+ 1-0

[Event "Uniagraria AlphaZero op 2nd"]
[Site "Uniagraria"]
[Date "2019.11.09"]
[Round "3"]
[White "Rativa Jimenez, Laura Milena"]
[Black "Camargo, Maicol Indurain1111"]
[Result "1-0"]
[WhiteElo "1567"]
[BlackElo "1899"]
[PlyCount "33"]
[EventDate "2019.11.08"]
[EventType "swiss"]
[EventRounds "7"]
[EventCountry "COL"]
[SourceTitle "CBM 193 Extra"]
[Source "ChessBase"]
[SourceDate "2020.01.31"]
[SourceVersion "1"]
[SourceVersionDate "2020.01.31"]
[SourceQuality "1"]

1. Nf3 g6 2. d4 Bg7 3. c4 Nf6 4. Nc3 d5 5. cxd5 Nxd5 6. e4 Nb6 7. h3 0-0 8. Be2 N8d7 9. Be3 e5 10. d5 Qe7 11. 0-0 Qb4 12. a3 Qd6 13. Rc1 Re8 14. Qc2 c5 15. Na2 a6 16. Bxc5 Nxc5 17. Qxc5 1-0

[Event "COL pre olympic sf3"]
[Site "Cartagena"]
[Date "2019.08.18"]
[Round "8"]
[White "Rativa Jimenez, Laura Milena"]
[Black "De la Hoz Paternina, Felix Daniel"]
[Result "1/2-1/2"]
[WhiteElo "1564"]
[BlackElo "1326"]
[PlyCount "38"]
[EventDate "2019.08.14"]
[EventType "swiss"]
[EventRounds "10"]
[EventCountry "COL"]
[SourceTitle "EXT 2020"]
[Source "ChessBase"]
[SourceDate "2019.10.17"]
[SourceVersion "1"]
[SourceVersionDate "2019.10.17"]
[SourceQuality "1"]

1. Nf3 d5 2. d4 Nf6 3. c4 c6 4. e3 e6 5. Nc3 Be7 6. Qc2 0-0 7. Bd3 dxc4 8. Bxc4 b5 9. Bd3 a6 10. 0-0 Bb7 11. e4 h6 12. e5 Nd5 13. Nxd5 cxd5 14. Be3 Nc6 15. Qd2 Qa5 16. Bxh6 Qxd2 17. Bxd2 Rac8 18. Rac1 Nb4 19. Bb1 Nc6 1/2-1/2

[Event "COL pre olympic sf3"]
[Site "Cartagena"]
[Date "2019.08.15"]
[Round "2"]
[White "Rativa Jimenez, Laura Milena"]
[Black "Narvaez Ramirez, Faber Alberto"]
[Result "0-1"]
[WhiteElo "1564"]
[BlackElo "2075"]
[PlyCount "72"]
[EventDate "2019.08.14"]
[EventType "swiss"]
[EventRounds "10"]
[EventCountry "COL"]
[SourceTitle "EXT 2020"]
[Source "ChessBase"]
[SourceDate "2019.10.17"]
[SourceVersion "1"]
[SourceVersionDate "2019.10.17"]
[SourceQuality "1"]

1. Nf3 Nf6 2. g3 g6 3. Bg2 Bg7 4. 0-0 0-0 5. d4 d6 6. b3 c6 7. Bb2 Qa5 8. Nbd2 Qh5 9. e4 Bh3 10. Nh4 Bg4 11. Bf3 Bxf3 12. Qxf3 Qxf3 13. Nhxf3 Nbd7 14. Rfe1 Rfe8 15. Rad1 Rad8 16. c4 e5 17. d5 Nc5 18. Ba3 Bh6 19. Bxc5 dxc5 20. Nb1 cxd5 21. cxd5 b5 22. Nc3 a6 23. Nd2 Kf8 24. f3 Ke7 25. Re2 Kd6 26. h4 Nh5 27. Kg2 f5 28. Nf1 Rd7 29. Rc2 Rf7 30. a3 Ref8 31. Nh2 Be3 32. Rf1 Bd4 33. Nd1 fxe4 34. fxe4 Rxf1 35. Nxf1 Rxf1 36. Kxf1 Nxg3+ 0-1

[Event "Tunja Boyaca op-B"]
[Site "Tunja"]
[Date "2019.08.02"]
[Round "4"]
[White "Rativa Jimenez, Laura Milena"]
[Black "Negron Lizarazo, Juan Sebastian"]
[Result "1-0"]
[WhiteElo "1564"]
[BlackElo "1256"]
[PlyCount "45"]
[EventDate "2019.07.31"]
[EventType "swiss"]
[EventRounds "9"]
[EventCountry "COL"]
[SourceTitle "EXT 2020"]
[Source "ChessBase"]
[SourceDate "2019.10.17"]
[SourceVersion "1"]
[SourceVersionDate "2019.10.17"]
[SourceQuality "1"]

1. g3 Nf6 2. Bg2 g6 3. Nf3 Bg7 4. 0-0 0-0 5. c3 d6 6. d4 Nbd7 7. Re1 e5 8. e4 Ne8 9. Qb3 h6 10. Be3 Kh8 11. Qc2 f5 12. Nh4 Qf6 13. dxe5 Nxe5 14. f4 Nc6 15. Nd2 b6 16. e5 dxe5 17. fxe5 Qe6 18. Qb3 Qxb3 19. Nxb3 Bb7 20. Nxg6+ Kg8 21. Bxc6 Bxc6 22. Ne7+ Kf7 23. Nxc6 1-0

[Event "COL-ch sf1"]
[Site "Medellin"]
[Date "2019.04.20"]
[Round "8"]
[White "Rativa Jimenez, Laura Milena"]
[Black "Rosado Perez, Maria Jose"]
[Result "0-1"]
[WhiteElo "1455"]
[BlackElo "1846"]
[PlyCount "48"]
[EventDate "2019.04.16"]
[EventType "swiss"]
[EventRounds "10"]
[EventCountry "COL"]
[SourceTitle "CBM 190 Extra"]
[Source "ChessBase"]
[SourceDate "2019.07.15"]
[SourceVersion "1"]
[SourceVersionDate "2019.07.15"]
[SourceQuality "1"]

1. d4 Nf6 2. c4 e6 3. Nc3 Bb4 4. Bd2 0-0 5. e3 d5 6. Nf3 a6 7. c5 Bxc3 8. Bxc3 b6 9. cxb6 cxb6 10. Bb4 Re8 11. Rc1 Bb7 12. Ne5 Nfd7 13. Nxd7 Nxd7 14. Bd3 e5 15. 0-0 e4 16. Be2 Re6 17. Bg4 Rg6 18. Bxd7 Qxd7 19. Qe2 a5 20. Ba3 Ba6 21. Qc2 Qh3 22. g3 Bxf1 23. Rxf1 Rc8 24. Qb1 Rh6 0-1